New World Primates Quiz Stats

Quiz not verified by Sporcle

Challenge
Share
Tweet
Embed
Score 0/12 Timer 03:00
0 Plays Today
% Correct
Howler monkeys
72.2%
Squirrel monkeys
72.2%
Capuchins
69.4%
Night monkeys
69.4%
Spider monkeys
69.4%
Woolly monkeys
66.7%
Marmosets
61.1%
Tamarins
55.6%
Sakis
44.4%
Titis
41.7%
Muriquis
33.3%
Uakaris
30.6%

You're not logged in!

Compare scores with friends on all Sporcle quizzes.
Sign Up with Email
OR
Log In

You Might Also Like...

Show Comments

Extras

Top Quizzes Today


Score Distribution

Your Account Isn't Verified!

In order to create a playlist on Sporcle, you need to verify the email address you used during registration. Go to your Sporcle Settings to finish the process.